000 00861nas a2200265 i 4500
001 2467
003 ES-MaACL
005 20250803062531.0
007 t|
008 950801d1945 mx n p s| 1 |spa d
022 _a0374-5317
080 _a93/99
245 0 0 _aAnales del Instituto Nacional de Antropología e Historia /
_cSecretaría de Educación Pública.
260 _aMéxico :
_bInstituto Nacional de Antropología e Historia,
_c1945-
300 _av. :
_bil. ;
_c28 cm.
310 _aIrregular
362 0 _aT. I (1939-40)
650 4 _aAntropología. Etnología.
_99890
650 7 _aHistoria
_2embne
_9179933
710 1 _aMéxico.
_bSecretaría de Educación Pública.
_95705
710 2 _aInstituto Nacional de Antropología e Historia (
_cMéxico)
_95141
852 4 _aES-MaACL
_jE-9844-45
866 1 _o1939-46.
999 _c2467
_d2467